| 000 | 00579nam a2200193 u 4500 | ||
|---|---|---|---|
| 005 | 20210223132921.0 | ||
| 008 | 160524s2006 es r 000 0 spa d | ||
| 020 | _a8480766514 | ||
| 035 | _aUPN01000210529 | ||
| 049 | _aCG | ||
| 050 | 4 |
_aTP808 _bA8.3 |
|
| 100 | 1 |
_aAtkin, Jacqui _939067 |
|
| 245 | 1 | 0 |
_aCerámica : _btécnicas y proyectos / _cJacqui Atkin ; tr. Almudena Frutos Velasco. |
| 260 |
_aBarcelona, Esp. : _bBlume, _c2006. |
||
| 300 |
_a127 p. : _bil. col. |
||
| 534 |
_pTítulo original : _tPottery basics |
||
| 650 | 4 |
_aCERAMICA - _vMANUALES _99615 |
|
| 905 | _aLibro | ||
| 999 |
_c182630 _d182630 |
||